Elementary principles of chemical processes (Record no. 25348)

000 -LEADER
fixed length control field 00647nam a2200217 a 4500
001 - CONTROL NUMBER
control field 25348
003 - CONTROL NUMBER IDENTIFIER
control field BD-DhUET
008 - FIXED-LENGTH DATA ELEMENTS--GENERAL INFORMATION
fixed length control field 850517s1986 nyua b 001 0 eng
040 ## - CATALOGING SOURCE
Original cataloging agency DLC
Transcribing agency DLC
Modifying agency BD-DhUET
082 00 - DEWEY DECIMAL CLASSIFICATION NUMBER
Classification number 660.284
Item number FEL/1986
100 ## - MAIN ENTRY--PERSONAL NAME
Personal name Felder, Richard M.
245 10 - TITLE STATEMENT
Title Elementary principles of chemical processes
250 ## - EDITION STATEMENT
Edition statement 2nd ed.
260 ## - PUBLICATION, DISTRIBUTION, ETC. (IMPRINT)
Place of publication, distribution, etc. New York
Name of publisher, distributor, etc. John Wiley & Sons
Date of publication, distribution, etc. 1986
300 ## - PHYSICAL DESCRIPTION
Extent xix, 668 p.
Other physical details ill.
Dimensions 25 cm.
490 ## - SERIES STATEMENT
Series statement Wiley series in chemical engineering
504 ## - BIBLIOGRAPHY, ETC. NOTE
Bibliography, etc Includes bibliographies
650 #0 - SUBJECT ADDED ENTRY--TOPICAL TERM
Topical term or geographic name as entry element Chemical processes, Pressure, Temperature, Energy
700 ## - ADDED ENTRY--PERSONAL NAME
Personal name Rousseau, Ronald W.
942 ## - ADDED ENTRY ELEMENTS (KOHA)
Koha item type General Book
Holdings
Shelving location Koha date last seen Location (home branch) Source of classification or shelving scheme Damaged status Piece designation (barcode) Price effective from Koha normalized classification for sorting Lost status Not for loan Sublocation or collection (holding branch) Koha full call number Koha item type Date acquired Koha issues (times borrowed) Withdrawn status Koha date last borrowed Copy number
Circulation section2022-11-22Central Library, BUET  705532015-05-14660_284000000000000_FEL_1986  Central Library, BUET660.284/FEL/1986General Book2015-05-141 2022-11-211
Circulation section2017-12-13Central Library, BUET  705522015-05-14660_284000000000000_FEL_1986  Central Library, BUET660.284/FEL/1986General Book2015-05-141 2017-10-162
Reading section2015-06-20Central Library, BUET  680892015-06-20660_284000000000000_FEL_1986  Central Library, BUET660.284/FEL/1986Reading Item2015-06-20   3
Reading section2015-06-20Central Library, BUET  680902015-06-20660_284000000000000_FEL_1986  Central Library, BUET660.284/FEL/1986Reading Item2015-06-20   4
Reading section2015-06-20Central Library, BUET  680922015-06-20660_284000000000000_FEL_1986  Central Library, BUET660.284/FEL/1986Reading Item2015-06-20   5
Reading section2015-06-30Central Library, BUET  680912015-06-30660_284000000000000_FEL_1986  Central Library, BUET660.284/FEL/1986Reading Item2015-06-30   6